📖 150 premiers mots "Une forme de vie" (Amélie Nothomb) - Statistiques

Statistiques générales
  • Ce quiz a Ă©tĂ© pris 17 fois
    12 depuis la dernière actualisation
  • Le rĂ©sultat moyen est 93 sur 150
Statistiques - réponses
Mots % Correct
Ă 
100%
a
100%
Ă€
100%
c'
100%
Ce
100%
ce
100%
ai
89%
Amélie
89%
appeler
89%
Bagdad
89%
Bagdad,
89%
d'
89%
et
89%
il
89%
J'
89%
je
89%
Je
89%
l'
89%
lĂ ,
89%
le
89%
m'
89%
Mapple,
89%
Mapple
89%
matin-
89%
me
89%
Mel.
89%
Melvin
89%
moi.
89%
N'
89%
n'
89%
suis
89%
un
89%
une
89%
Une ...
89%
12 /
78%
18 /
78%
cette
78%
comme
78%
de
78%
en
78%
est
78%
était
78%
mon
78%
nom
78%
Nothomb,
78%
pas
78%
plus
78%
pouvez
78%
que
78%
qui
78%
vous
78%
vous,
78%
2008
67%
avait-
67%
dans
67%
droit
67%
jamais
67%
y
67%
ans.
44%
Si
44%
choses ?
33%
espère
33%
faux,
33%
lettre
33%
nouveau :
33%
parce
33%
peu
33%
reçus
33%
sais.
33%
six
33%
telles
33%
2e
22%
besoin
22%
Chère
22%
chien.
22%
classe
22%
depuis
22%
écrire
22%
eût
22%
genre
22%
guerre,
22%
soldat
22%
"war" ?
22%
abord
11%
américaine,
11%
armée
11%
bientĂ´t.
11%
canular.
11%
censure
11%
compréhension
11%
comprendrez,
11%
courrier.
11%
crus
11%
début
11%
devant
11%
écris
11%
examinai
11%
éxécution
11%
existe,
11%
fichue
11%
"fucking"
11%
laissé
11%
lire
11%
passer
11%
posté
11%
Répondez-
11%
souffre
11%
supposer
11%
militaire
0%
remarquable.
0%
Aucun quiz correspondant
Distribution des résultats
% des personnes avec chaque résultat
Percentile par nombre de réponses
Votre historique - résultats
Vous n’avez pas pris ce quiz depuis la dernière actualisation